Devinez le Département Mystère #1 - Statistiques

Statistiques générales
  • Ce quiz a été pris 610 fois
  • Le résultat moyen est 26 sur 34
Statistiques - réponses
Type de Réponse Réponse % Correct
Lettre Trouvée E
100%
Lettre Trouvée A
99%
Lettre de l'Alphabet R
99%
Lettre Trouvée N
98%
Lettre de l'Alphabet S
98%
Lettre de l'Alphabet I
97%
Lettre de l'Alphabet L
96%
Lettre de l'Alphabet O
96%
Lettre de l'Alphabet D
93%
Lettre de l'Alphabet T
93%
Lettre de l'Alphabet H
92%
Lettre de l'Alphabet U
92%
Lettre de l'Alphabet C
90%
Lettre de l'Alphabet V
88%
Lettre Trouvée M
83%
Lettre de l'Alphabet B
76%
Lettre Bien Placée E
75%
Lettre de l'Alphabet G
75%
Lettre de l'Alphabet P
74%
Lettre de l'Alphabet F
69%
Lettre Trouvée Y
69%
Lettre Bien Placée E
64%
Lettre Bien Placée N
61%
Lettre de l'Alphabet Z
58%
Lettre de l'Alphabet Q
57%
Lettre de l'Alphabet J
56%
Lettre Bien Placée M
56%
Lettre Bien Placée N
55%
Lettre de l'Alphabet X
54%
Lettre Bien Placée A
52%
Lettre Bien Placée Y
52%
Lettre de l'Alphabet K
50%
Département Mystère Mayenne
50%
Lettre de l'Alphabet W
50%
Aucun quiz correspondant
Distribution des résultats
% des personnes avec chaque résultat
Percentile par nombre de réponses
Votre historique - résultats
Vous n’avez pas pris ce quiz